000 00492ntaaa2200181 4500
003 01
005 20251027202244.0
008 0714s1973 ag 01
040 _aAR-BaBN
_bspa
_cAR-BaBN
_eaacr
_dRIC
082 _a268.4000 N65
100 _aNixon, Elena
_920936
245 _aPlanes para sus reuniones semanales de oficiales y maestros
250 _a1 ed.
260 _aEl Paso :
_bCasa Bautista de Publicaciones,
_c1969
300 _a23 p
650 _aescuela dominical
_94648
942 _cBK
999 _c17327
_d17327